00662nam a2200205Ia 4500003000900000008004100009020001800050040001600068080001300084100002100097245008300118260003300201300001000234650004100244650003100285700002500316942000700341999001500348952009300363IN-BaIIA211028s9999 xx 000 0 eng d a0-08-025041-6 cIIA Library a538bKRA aKrause, F911780 0aMean-field magnetohydrodynamics and dynamo theorycF. Krause and K. H. Radler aOxfordbPergamon Pressc1980 a271p. aAstronomy and astrophysics thesaurus aMagnetohydrodynamics91666 aRadler, K. H.911781 cBK c6875d6875 00104070aBANbBANcGENd1981-10-12l0o538/ KRAp7641r2021-11-05w1981-10-12yBKG36